| 000 | 01085nam a2200229Ia 4500 | ||
|---|---|---|---|
| 001 | 2512 | ||
| 003 | GE_BSU | ||
| 008 | 181216s||||||||xx |||||||||||||| ||und|| | ||
| 020 | _a9789992892527 | ||
| 040 | _cGE_BSU | ||
| 080 | _a1(479.22) | ||
| 245 | _aფილოსოფია და თანამედროვეობა მიხეილ მახარაძის 60 წლისთავისადმი მიძღვნილი საიუბილეო კრებული. | ||
| 245 | _bსავლე წერეთლის ფილოსოფიის ინ–ტი ქართული და უცხოეთის ფილოსიფიის ისტორიის განყ–ბა | ||
| 245 | _cრედ. თენგიზ ირემაძე, კახა ქეცბაია] | ||
| 260 | _aთბილისი | ||
| 260 | _bარხე | ||
| 260 | _c2007 | ||
| 300 | _a394 გვ. | ||
| 541 | _h12 ლ. | ||
| 653 | _aფილოსოფია და თანამედროვეობა | ||
| 942 | _cBK | ||
| 999 |
_c36593 _d36593 |
||